000 00697nam a2200217Ia 4500
003 OSt
005 20260421101020.0
008 220923b |||||||| |||| 00| 0 eng d
020 _a0195641612
037 _cGeneral Book
040 _aRTL
_cRTL
_beng
041 _2eng
_aeng
084 _aY:49(Q).2.N9, N8
_qRTL
100 _aKishwar Madhu
_942730
245 0 _aReligion at the service of nationalism and others Essays
260 _a New Delhi
_bOxford University Press India
_c1998
300 _axix, 323 p.
_bIncludes bibliographical references and index
650 _aReligion
942 _hY:49(Q).2.N9, N8
_cGB
_2CC
999 _c608674
_d608674